000 01234nam a22003497a 4500
003 CHAP
005 20220329143732.0
008 110504s1982 mx a r 00010 spa d
010 _a101119
011 _a102091
020 _a9684350414
035 _a112779
040 _cCHAP
082 0 4 _a362.294
_bSch81
100 0 0 _aSchultes, Richard Evans.
_9103216
245 1 0 _aPlantas alucinógenas
_c/por Richard Evans Schultes
260 _aMéxico, D.F. :
_bLa Prensa Médica Mexicana,
_cc1982
300 _a161 p. :
_bilus.
534 _pTít. original :
_tHallucinogenic plants
_cWisconsin : Western Publishing
590 _aBATCH-UPD
_b10
_c20130110
_lUCH01
_h1559
590 _aBATCH-UPD
_b10
_c20130410
_lUCH01
_h0956
590 _aBATCH-UPD
_b10
_c20130914
_lUCH01
_h0747
590 _aCONVERSION
_b10
_c20130109
_lUCH01
_h1356
650 1 4 _aBotánica médica
_xHistoria.
_914685
650 1 4 _aDrogas alucinógenas.
_934247
650 1 4 _aHongos alucinógenos.
_956123
650 1 4 _aPlantas alucinógenas.
_988898
901 _aBK
942 _cLIBRO
949 _a362.294 Sch 81
_bBC
_cLIBRO
_d33724002243603
_eLIBRO
_fc.2
_gDonaciØn
_h115258
_i112779
_sb
949 _a362.294 Sch 81
_bBC
_cLIBRO
_d33724002254397
_eLIBRO
_h114833
_i112779
_sb
999 _c101119
_d101119